000 00710nam a2200229Ia 4500
003 OSt
005 20221005083038.0
006 a|||||r|||| 00| 0
007 ta
008 221004b |||||||| |||| 00| 0 eng d
024 _a50189
037 _cTextual
040 _aCRL
_cCRL
_beng
041 _2eng
_aeng
082 _aQ30j4:2;g, M6.1
100 _aNagarajji
_9612329
245 0 _aAgama aura tripitaka eka annsil and agama and tripitaka acomparative study
_bA critical study of the Jaina and the Buddhist conorical literature.
260 _aNew Delhi
_bToday& Tomorrow
_c1986
650 _aRELIGION
942 _hQ30j4:2;g, M6.1
_cTEXL
_2cc
999 _c990226
_d990226